000 00458nam a22001817a 4500
001 22218
005 20260410121358.0
008 260410b |||||||| |||| 00| 0 spa d
041 _aESP
082 _a346.5
_bLL719 T. 4 - B
100 _aLlambías, Jorge Joaquin
_eAUT
245 _aTratado de Derecho Civil T. IV - B
260 _a :
_b ,
_c2012
300 _a495 páginas :
_b ;
_c25 cm.
440 _a ;
700 _a;
942 _cLIB
_dJUS
_fJUS
_n0
_2ddc
999 _c22218
_d22218